The most sigma quiz ever - Statistics

General Stats
  • This quiz has been taken 10 times
  • The average score is 13 of 15
Answer Stats
Hint Answer % Correct
Has negative aura because of the kuthmandu jacket James
100%
The most sigma person ever (with the craziest top corner bangers) Mark
100%
League with the best rules MLS
100%
Keeps fighting with the other Nikola
100%
Keeps fighting with the other Oliver
100%
Passes to only one person because that one person has too much aura Alex
86%
Place where we got cooked for getting the ball from creek
86%
Van Dijk supporter Enrik
86%
He cannot stop gaming. It is scientifically impossible Tyler
86%
Keeps scoring tap ins against Adhi Will
86%
Loves battleships - and being Onana Zhihao
86%
Co-founder of the rebellious anti grimace gang John
71%
Best footballer of the penalty generation Pessi
71%
Incredible Alpha nickname person Zekun
71%
Individual who throws off the sigma's aura during free kicks Maths teacher from last year
43%
No matching quizzes found
Score Distribution
Percent of People with Each Score
Percentile by Number Answered
Your Score History
You have not taken this quiz